Management Accounting (Record no. 3345)

MARC details
000 -LEADER
fixed length control field 00327nam a2200145Ia 4500
008 - FIXED-LENGTH DATA ELEMENTS--GENERAL INFORMATION
fixed length control field 191201s2005 xx 000 0 und d
082 ## - DEWEY DECIMAL CLASSIFICATION NUMBER
Classification number 657
Item number GUM
100 ## - MAIN ENTRY--PERSONAL NAME
Personal name GUPTA, Shashi K
245 #0 - TITLE STATEMENT
Title Management Accounting
250 ## - EDITION STATEMENT
Edition statement 10th
260 ## - PUBLICATION, DISTRIBUTION, ETC. (IMPRINT)
Place of publication, distribution, etc N. Delhi
Name of publisher, distributor, etc Kalyani
Date of publication, distribution, etc 2005
300 ## - PHYSICAL DESCRIPTION
Extent MISC
650 ## - SUBJECT ADDED ENTRY--TOPICAL TERM
Topical term or geographic name as entry element MBA
942 ## - ADDED ENTRY ELEMENTS (KOHA)
Source of classification or shelving scheme Dewey Decimal Classification
Koha item type Text Books
Holdings
Withdrawn status Lost status Source of classification or shelving scheme Damaged status Not for loan Collection code Home library Current library Date acquired Source of acquisition Cost, normal purchase price Bill Number Total Checkouts Full call number Acc. no. / Barcode Date last seen Bill Date Koha item type Date last borrowed
    Dewey Decimal Classification     MBA PIET C-LIBRARY PIET C-LIBRARY 09/01/2008 J B C, New Delhi 375.00 1909   658.1511 GUM 8625 04/12/2019 09/01/2008 Text Books  
    Dewey Decimal Classification     MBA PIET C-LIBRARY PIET C-LIBRARY 09/01/2008 J B C, New Delhi 375.00 1909 1 658.1511 GUM 8626 18/12/2024 09/01/2008 Text Books 17/12/2024
    Dewey Decimal Classification     MBA PIET C-LIBRARY PIET C-LIBRARY 09/01/2008 J B C, New Delhi 375.00 1909   658.1511 GUM 8627 04/12/2019 09/01/2008 Text Books  
    Dewey Decimal Classification     MBA PIET C-LIBRARY PIET C-LIBRARY 09/01/2008 J B C, New Delhi 375.00 1909   658.1511 GUM 8628 04/12/2019 09/01/2008 Text Books  
    Dewey Decimal Classification     MBA PIET C-LIBRARY PIET C-LIBRARY 09/01/2008 J B C, New Delhi 375.00 1909   658.1511 GUM 8629 04/12/2019 09/01/2008 Text Books  

Design & Developed by: PIET Central Library
R70 Miles Stone Pattikalyana Samalkha Panipat 132102
mail ID :- [email protected], Phone No:- 0180-2569700 Ex.216